<?xml version="1.0" encoding="UTF-8"?>
<collection xmlns="http://www.loc.gov/MARC21/slim">
 <record>
  <leader>00490pamaa2200157   4500</leader>
  <controlfield tag="001">0000021114</controlfield>
  <controlfield tag="005">20061005090000.0</controlfield>
  <datafield tag="020" ind1="0" ind2="0">
   <subfield code="a">0571168450 (pbk) </subfield>
  </datafield>
  <datafield tag="090" ind1="0" ind2="0">
   <subfield code="a">DT87.5 </subfield>
   <subfield code="b">FAC 1992</subfield>
  </datafield>
  <datafield tag="245" ind1="1" ind2="4">
   <subfield code="a">The face of Tutankhamun  </subfield>
   <subfield code="c">[edited by] Christopher Frayling.</subfield>
  </datafield>
  <datafield tag="260" ind1="0" ind2="0">
   <subfield code="a">London: </subfield>
   <subfield code="b">Faber and Faber, </subfield>
   <subfield code="c">1992.</subfield>
  </datafield>
  <datafield tag="300" ind1=" " ind2=" ">
   <subfield code="a">298 p. : ill., ports. ; 25 cm.</subfield>
  </datafield>
  <datafield tag="504" ind1="0" ind2="0">
   <subfield code="a">Bibliography: p. [293]-296</subfield>
  </datafield>
  <datafield tag="600" ind1="1" ind2="0">
   <subfield code="a">Tutankhamen, </subfield>
   <subfield code="c">King of Egypt</subfield>
  </datafield>
  <datafield tag="651" ind1="0" ind2="0">
   <subfield code="a">Egypt -- </subfield>
   <subfield code="x">Antiquities </subfield>
  </datafield>
  <datafield tag="700" ind1="1" ind2="1">
   <subfield code="a">FRAYLING, </subfield>
   <subfield code="h">Christopher </subfield>
  </datafield>
 </record>
</collection>
